| 000 | 00667nam a22001937a 4500 | ||
|---|---|---|---|
| 999 |
_c15640 _d15640 |
||
| 003 | AR-CdUCM | ||
| 008 | 190429b ||||| |||| 00| 0 spa d | ||
| 040 |
_aMUNICIPALIDAD PROVINCIAL DEL CUSCO _cBIBLIOTECA MUNICIPAL DEL CUSCO |
||
| 082 |
_a780 / _bSO684 |
||
| 245 | _aSol mayor / | ||
| 260 |
_aLima : _c1981. |
||
| 300 |
_a41 páginas ; _bFotografías, _c19 cm. |
||
| 505 | _aContenido: La escuela y el huayno -- Canciones de la marcha de sacrificio -- Chicha: vamos a matar la música loca -- Entrevistas... | ||
| 650 |
_aMusica _91443 |
||
| 650 |
_aHuaynos _95851 |
||
| 650 |
_aMarcha de sacrificio _934775 |
||
| 942 |
_2ddc _cFOLLETOS |
||
| 945 |
_adavv _d29/04/2019 |
||